Statistics for Dragon Ball Z + Super Characters

Click here to take the quiz!

General Stats

  • This quiz has been taken 2,695 times
  • The average score is 43 of 84

Answer Stats

Answer% Correct
SaiyanSon Goku
100%
SaiyanVegeta
98%
Half-saiyanSon Gohan
95%
Half-saiyanSon Goten
93%
Half-saiyanTrunks
91%
God of DestructionLord Beerus
85%
NamekianPiccolo
85%
HumanBulma
84%
MajinBuu
83%
SaiyanBardock
82%
Android18
81%
TyrantFrieza
81%
Android17
80%
HumanKrillin
80%
Android16
79%
HumanTien
79%
Android19
78%
AndroidDr. Gero
78%
Quarter-saiyanSon Pan
78%
HumanYamcha
78%
God of DestructionLord Champa
77%
FusionVegito
77%
CaretakerWhis
76%
HumanChi-Chi
74%
SaiyanNappa
74%
SaiyanRaditz
74%
FusionGotenks
73%
HumanMaster Roshi
72%
AndroidCell
71%
DragonShenron
70%
Force LeaderCaptain Ginyu
67%
Champa's WarriorHit
67%
NamekianDende
63%
PigOolong
62%
SaiyanKing Vegeta
61%
NamekianNail
61%
Half-saiyanBulla
60%
KaioshinSupreme Kai
56%
CaretakerVados
56%
Force MemberJeice
55%
NamekianKami
55%
WizardBabidi
53%
Force MemberBurter
52%
Force MemberGuldo
51%
HumanVidel
51%
HumanMr. Satan
49%
Force MemberRecoome
49%
CatPuar
48%
Otherworld BeingKing Kai
47%
Grand ElderGuru
43%
WizardBibidi
42%
Champa's WarriorFrost
40%
ReincarnationUub
39%
DragonPorunga
37%
PatrolmanJaco
36%
AlienZarbon
35%
HumanChiaotzu
34%
ServantKibito
33%
Beerus' WarriorMonaka
33%
AlienDodoria
31%
MakaioshinDabura
29%
SaiyanTarble
27%
Champa's WarriorMagetta
24%
Champa's WarriorBotamo
23%
Possessed HumanSpopovich
23%
KaioshinOld Kai
22%
AlienCui
20%
AlienPui Pui
20%
Possessed HumanYamu
20%
HumanDr. Brief
18%
MonsterYakon
16%
AlienAppule
15%
Champa's WarriorKyabe
15%
FusionKibito Kai
13%
Otherworld BeingKing Yemma
12%
HumanMarron
12%
HumanMrs. Brief
11%
NamekianMoori
7%
SoldierSorbet
6%
SoldierTagoma
6%
Wise ManZuno
6%
Dragon GodZarama
5%
SoldierShisami
3%
HumanTights
3%

Score Distribution

Percentile by Number Answered

Percent of People with Each Score

Your Score History

You have not taken this quiz